00717 a2200229 4500020001800000020003200018040001300050082001600063082001600079100002400095245010700119246001900226250001100245260005400256300002700310490001700337600002400354600002400378700002200402710003400424740002900458 a969-8156-09-7 a969-8156-03-8 (hela verket) aDLCbDLC a954.9042092 a954.90420921 aJinnah, Mahomed Ali00aQuaid-I-Azam Mohammad Ali Jinnah papers.Vol. 5pPakistan: pangs of birth : 15 August-30 September 194714aJinnah papers. a1. ed. aIslamabad :bNational Archives of Pakistan,c2000 a725 s. :bill., kartor0 aFirst series14aJinnah, Mahomed Ali14aJinnah, Mahomed Ali1 aZaidi, Z. H.4oth2 aNational Archives of Pakistan0 aPakistan: pangs of birth